Statistics for Asiana Airlines Fleet

Click here to take the quiz!

General Stats

  • This quiz has been taken 11 times
  • The average score is 10 of 13

Answer Stats

Airlines in serviceAircraft% Correct
15, AirbusA330-300
100%
1, AirbusA320-200
88%
15, Airbus (Order 6)A350-900
88%
1, Boeing747-400
75%
Cargo 6, Boeing747-400BDSF
75%
Cargo 4, Boeing747-400F
75%
13, AirbusA321-200
75%
Ordered 9, AirbusA350-1000
75%
6, AirbusA380-800
75%
1, Boeing767-300
63%
Cargo 1, Boeing767-300F
63%
9, Boeing777-200ER
63%
9, Airbus (Order 16)A321neo
63%

Score Distribution

Percentile by Number Answered

Percent of People with Each Score

Your Score History

You have not taken this quiz